000 00394nam a2200133 4500
005 20260227102238.0
008 260227b |||||||| |||| 00| 0 eng d
020 _a0668043105
100 _aMiller I. Arnold
245 _aGraduate Record Examination Biology: Advanced Test
_c/Arnold I. Miller
260 _aNew York;
_bArco Publishing,Inc;
_c1967
300 _a140p,ill;
_c25.9cm
942 _2lcc
_n0
_cBK
999 _c182
_d182